000 00355nam a2200133Ia 4500
008 100328s9999 xx 000 0 und d
082 _b14132
100 _aग्यानबा
245 _aमुक्ताफळे
260 _bसंजीव
630 _aमुक्ताफळे
730 _aमुक्ताफळे
942 _cBOOK
999 _c509129
_d509126